rockstar - Post Malone feat. 21 Savage (Full lyrics) - Statistics

General Stats
  • This quiz has been taken 30 times
  • The average score is 249 of 435
Answer Stats
Lyrics % Correct
a
96%
a—
96%
I
96%
be
92%
feel
92%
Feel
92%
like
92%
like,
92%
rockstar
92%
rockstar,
92%
Rockstar
92%
Rockstar,
92%
and
88%
And
88%
Pop-
88%
been
84%
fuckin'
84%
Fuckin'
84%
hoes
84%
just
84%
poppin'
84%
the
84%
go
80%
I've
80%
Man,
80%
man,
80%
man
80%
pillies
80%
you
76%
on
72%
got
68%
that
68%
that?
68%
in
64%
my
64%
popstar
64%
they
64%
They
64%
car
60%
I'm
60%
"I'm
60%
no
60%
"¡No
60%
with
60%
your
60%
Your
60%
All
56%
all
56%
say
56%
brothers
52%
cop
52%
damn
52%
me,
52%
me
52%
She
52%
she
52%
superstars
52%
Cocaine
48%
don't
48%
get
48%
give
48%
Hills
48%
sayin',
48%
Sayin',
48%
six
48%
thing
48%
up
48%
up,
48%
When
48%
cars?"
44%
Feelin'
44%
garage
44%
gas
44%
grra-ta-ta-ta
44%
make
44%
out
44%
out,
44%
pull
44%
Rasta
44%
smokin'
44%
always
40%
band"
40%
block
40%
groupie,
40%
only
40%
tryna
40%
twelve
40%
are
36%
back
36%
back,
36%
bra
36%
call
36%
homies
36%
is
36%
lookin'
36%
Now
36%
now
36%
Shit
36%
table,
36%
to
36%
Uzi
36%
ain't
32%
bitches
32%
girlfriend
32%
hard
32%
know
32%
leave
32%
Livin'
32%
livin'
32%
más!"
32%
not
32%
"Savage,
32%
show
32%
Switch
32%
than
32%
TV
32%
why
32%
Act
28%
at?"
28%
Drankin'
28%
friend
28%
kiss
28%
legendary
28%
peace
28%
"Rest
28%
them
28%
Threw
28%
was
28%
we
28%
whole
28%
window
28%
ask
24%
bad
24%
black
24%
came
24%
fool
24%
from
24%
her
24%
old
24%
pourin',
24%
racks
24%
Scott"
24%
screamin'
24%
shottas
24%
smash
24%
snack
24%
stage
24%
Star,
24%
star,
24%
star
24%
Sweeter
24%
Tart,
24%
whip,
24%
wifey
24%
actin'
20%
Bon
20%
brought
20%
coke
20%
Green
20%
Henny,
20%
Hit
20%
how
20%
Hundred
20%
liquor
20%
Montage
20%
Morrison
20%
of
20%
Prolly
20%
safe,
20%
smoke
20%
trap
20%
askin',
16%
blowin'
16%
Dude,
16%
fire
16%
grab
16%
L.A.
16%
pants
16%
pocket,
16%
pool
16%
"Where
16%
cakin',
12%
chart,
12%
Close
12%
hundreds
12%
light
12%
outta
12%
startin'
12%
used
12%
door,
8%
hot
8%
jumpin'
8%
made
8%
'member
8%
trailer
8%
pullin'
4%
tracks
4%
done
0%
No matching quizzes found
Score Distribution
Percent of People with Each Score
Percentile by Number Answered
Your Score History
You have not taken this quiz